| 000 | 00849nam a2200265 i 4500 | ||
|---|---|---|---|
| 001 | 16290 | ||
| 003 | ES-MaACL | ||
| 005 | 20250716063231.0 | ||
| 007 | t| | ||
| 008 | 000825s1992 mx |||| | spa d | ||
| 020 | _a968-16-3279-6 | ||
| 080 | _a35(44)"1981/..." | ||
| 080 | _a32(44)"1981/..." | ||
| 100 | 1 |
_aCrozier, Michel, _d1922-2013 _941759 |
|
| 245 | 1 | 0 |
_aEstado modesto, estado moderno _b: estrategia para el cambio / _cMichel Crozier. |
| 250 | _a2ª ed. | ||
| 260 |
_aMéxico : _bFondo de Cultura Económica, _c1992. |
||
| 300 |
_a292 p. ; _c21 cm. |
||
| 490 | 1 | _aSección de obras de economía | |
| 650 | 4 |
_aBurocracia- _zFrancia. _9168373 |
|
| 651 | 4 |
_aFrancia- _xPolítica y gobierno- _y1981-1995. _9168374 |
|
| 830 | 0 |
_aSección de obras de economía _9179924 |
|
| 852 |
_aES-MaACL _jL-23573 |
||
| 999 |
_c16290 _d16290 |
||